000 00265nam a2200097Ia 4500
008 230508s2005 xx 000 0 und d
041 _aeng
100 _aJOSHI MADHURI
245 _aELECTRONICS COMPONTS AND MATERIAL 3RD EDITION
260 _bSHROFF PUBLI.AND DIS
_c2005
999 _c333002
_d333002